000 00337nam a22001337a 4500
020 _a0-02-066970-8
082 _a669.95 VAN'M
100 _aVANDER, VOORT GEORGE F
_976712
245 _aMETALLOGRAPHY ,PRINCIPLES AND PRACTICE
260 _aNEWYORK
_bMCGRAW HILL
_c1984
300 _a752P
650 _aMETALLOGRAPHY
_944882
942 _cBK
999 _c582055
_d582055